000 00650nam a22001577a 4500
003 OSt
005 20151003085043.0
008 151003b xxu||||| |||| 00| 0 eng d
040 _cRUA
082 _aAGR TRY 2012 B050 Or.1
100 _91829
_aTRY, ENGMEAN
245 _aHerbcidie utilization on vegetables in saang district, kandal province, ការប្រើប្រាស់ថ្នាំកសិកម្មសម្លាប់ស្មៅលើដំណាំបន្លែនៅស្រុកស្អាង ខេត្តកណ្តាល
260 _aPhnom Penh
_bRUA
_c2012
300 _axiv; 57p.
_bill.
_c29cm.
942 _2ddc
_cAGR
999 _c1726
_d1726